000 00814nam a22002537a 4500
003 BD-RjUL
005 20250220121331.0
008 250220s1993 ii ||||| e||| 00| 0 eng d
020 _z71582850
035 _a(BD-RjUL)
040 _aBD-RjUL
_beng
_cBD-RjUL
041 _aeng
082 _223
_a020.3
_bENC 1993
245 _aEncyclopaedia of information and library science /
_cIshvari Corea, Gad David Ojuando, Khalid Kamal Faruqi
250 _a1st ed.
260 _a New Delhi :
_b Akashdeep Pub. House,
_cc1993
300 _a10 volumes :
_billustrations ;
_c23 cm
650 _aLibrary science Encyclopedias
_915057
650 _aLibrary science
_915058
700 _aCorea, Ishvari
_eeditor
_915059
700 _aOjuando, Gad David
_915060
700 _aFaruqi, Khalid Kamal
_915061
942 _2ddc
_cBK
999 _c84711
_d84711